000 00312nam a2200133 i 4500
001 bg
100 1 _aMELICH, Alojzy
245 0 _aEfektywność gospodarowania... /
_cAlojzy Melich.
260 _aWarszawa,
_c1980.
040 _cBPK
041 _apol
942 _cKS
008 s pl f |000 0 pol
999 _c21535
_d21535
856 _uhttp://koha.tu.koszalin.pl/cgi-bin/koha/opac-detail.pl?biblionumber=21535
_yKatalog online BPK